1709 1734 1074 1274 1337 1159 1981 1525 1529 1435 1576 1747 1865 1353 1065 1271 1361 1591 1419 1208 1009 1412 1119 1270 1278 1660 1546 1547 1190 1966 1205 1029 1242 1001 1486 1416 1578 1486 1766 1346 1460 1900 1412 1417 1345 1858 1620 1116 1508 1522 1327 1490 1767 1603 1732 1578 1955 1199 1923 1970 2000 1819 1715 1481 1052 1217 1942 1285 1683 1241 1837 1607 1296 1159 1422 1488 1956 1040 1240 1894 1524 1673 1817 1173 1846 1914 1233 1475 1326 1749 1763 1169 1542 1389 1730 1075 1393 1719 1706 BCNSPRNW ULIB Ver.6.0+V

เปลี่ยนเป็นภาษาไทย

Change to English
 แสดงรายละเอียดบรรณานุกรม
  กลับหน้าหลัก

Brief Record : Get Marc (ISO 2709) : E-mail record : QR code < ปิดหน้าต่าง
LEADER : 00000nam 2200000uu 4500
001    13399112200
003     ULIB
008    110801s2554||||th 000 0 tha d
020    9789195001373
090    นว.^bย236พ 2554
100 0  ยาใจ
245 00 พรหมเล่นรัก./^cยาใจ
260    กรุงเทพฯ :^bพิมพ์คำ,^c2554.
300    277 หน้า:^c21 ซม.
945    ^p180^l0^i18456
995    เกษร
999 ^a ใช้งานได้ทุกระบบ
รายการนี้ยังไม่มีแท็ก
คุณยังไม่ได้ล็อกอิน คุณสามารถมีกิจกรรมร่วมกับเว็บไซต์ได้ แต่ต้องล็อกอินก่อน ::
  ล็อกอิน

รายการสื่อสารสนเทศ

ลำดับที่ ประเภท เลขเรียก/บาร์โค้ด สถานที่ สถานะ
1. นวนิยาย
นวนิยาย
นว. ย236พ 2554  
  Barcode: 18456
ห้องสมุดวิทยาเขตสวรรค์ประชารักษ์
►นวนิยาย
บนชั้น
  ขอยืม

รายการใกล้เคียง
    ผู้แต่ง [ยาใจ]

BibComment


ยังไม่เคยถูกคอมเมนท์

คอมเมนท์ทรัพยากรรายการนี้
  คอมเมนท์: พรหมเล่นรัก ยาใจ


 Copyright 2026. Bcnsprnw @Library